[Event "Shakin SM 2025"]
[Site "Shakkiareena, Helsinki, Finland"]
[Date "2025.06.29"]
[Round "6.4"]
[White "Oksanen, Timo"]
[Black "Piiroinen, Tero"]
[Result "0-1"]
[WhiteElo "1861"]
[BlackElo "1892"]
[PlyCount "102"]
[GameId "535659071447"]
[EventDate "2025.??.??"]

1. e4 c5 2. Nf3 e6 3. d3 Nc6 4. c3 d6 5. Be2 Nf6 6. a4 Be7 7. O-O O-O 8. Re1 Qc7 9. Bf1 b6 10. Bg5 Bb7 11. Na3 a6 12. Rc1 Rfe8 13. d4 Rad8 14. b4 Nb8 15. Bd3 d5 16. e5 Ne4 17. Be3 Qd7 18. Bd2 Nxd2 19. Nxd2 cxb4 20. cxb4 Bxb4 21. Nc2 Bxd2 22. Qxd2 Qxa4 23. Re3 Nd7 24. Rg3 Nf8 25. h4 Qd7 26. Qg5 g6 27. Ne3 Qe7 28. Qf4 h5 29. Qh6 Rc8 30. Rxc8 Rxc8 31. Qxh5 Rc1+ 32. Kh2 Kg7 33. Qg4 f5 34. exf6+ Qxf6 35. Rf3 Qe7 36. Qf4 Qc7 37. Ng4 Qxf4+ 38. Rxf4 Rc3 39. Bb1 Rb3 40. Bc2 Rc3 41. Bd1 Nd7 42. Bf3 b5 43. Ne3 b4 44. h5 gxh5 45. Bxh5 Nf6 46. Bd1 b3 47. Rf3 b2 48. Nf5+ exf5 49. Rxc3 b1=Q 50. Bc2 Qb2 51. Rc7+ Kg6 0-1

[Event "Shakin SM 2025"]
[Site "Shakkiareena, Helsinki, Finland"]
[Date "2025.06.29"]
[Round "6.5"]
[White "Kukkonen, Martti"]
[Black "Karasmaki, Seppo"]
[Result "1/2-1/2"]
[WhiteElo "1653"]
[BlackElo "1785"]
[PlyCount "54"]
[GameId "535659071447"]
[EventDate "2025.??.??"]

1. c4 e6 2. Nc3 d5 3. cxd5 exd5 4. d4 Nf6 5. Bg5 Be7 6. e3 c6 7. Bd3 O-O 8. Nge2 Nbd7 9. Qc2 h6 10. Bf4 Re8 11. h3 Nf8 12. O-O Bd6 13. a4 a5 14. Bxd6 Qxd6 15. Ng3 N8h7 16. Bxh7+ Nxh7 17. Nf5 Qf6 18. Ng3 Bd7 19. Nce2 Ng5 20. Nh5 Qf5 21. Qxf5 Bxf5 22. Nef4 Ne6 23. Nxe6 Rxe6 24. Ng3 Bd3 25. Rfd1 Bc4 26. Rd2 g6 27. Ne2 Bxe2 1/2-1/2

[Event "Shakin SM 2025"]
[Site "Shakkiareena, Helsinki, Finland"]
[Date "2025.06.27"]
[Round "7.1"]
[White "Louhivaara, Jere"]
[Black "Salmenkivi, Eero"]
[Result "0-1"]
[WhiteElo "1900"]
[BlackElo "2050"]
[PlyCount "118"]
[GameId "535511539672"]
[EventDate "2025.??.??"]

1. e4 c5 2. c3 Nf6 3. e5 Nd5 4. Nf3 Nc6 5. d4 cxd4 6. cxd4 d6 7. Nc3 dxe5 8. dxe5 Nxc3 9. Qxd8+ Kxd8 10. bxc3 h6 11. Bc4 e6 12. O-O Bc5 13. Bf4 Kc7 14. Rfd1 Bd7 15. Nd4 a6 16. a4 Rad8 17. Nxc6 Bxc6 18. a5 Be4 19. Kf1 Bc2 20. Rxd8 Rxd8 21. Ke2 Be4 22. f3 Bd5 23. Bd3 Rd7 24. Rb1 Bc6 25. Rb2 Kc8 26. Bc4 Ba7 27. Be3 Bb8 28. Bd4 Bc7 29. f4 Bxa5 30. f5 Bd5 31. Bxd5 Rxd5 32. fxe6 fxe6 33. Kd3 b5 34. Rf2 b4 35. Rf8+ Rd8 36. Rxd8+ Kxd8 37. cxb4 Bxb4 38. Kc4 Be7 39. h3 Kd7 40. Bc3 Kc6 41. Ba5 Bg5 42. Bc3 Bc1 43. Bb4 g6 44. g4 Bb2 45. Bd6 h5 46. gxh5 gxh5 47. Bb8 a5 48. Kb3 Bd4 49. Ka4 Bb6 50. Bd6 Bd8 51. Bf8 Kd5 52. Bd6 Ke4 53. Kb5 Kf4 54. Kc6 Bh4 55. Kb5 Be1 56. Kc4 Kg3 57. Kd3 Kxh3 58. Ke2 Bg3 59. Kf3 a4 0-1

[Event "Shakin SM 2025"]
[Site "Shakkiareena, Helsinki, Finland"]
[Date "2025.06.29"]
[Round "7.2"]
[White "Ketola, Ville"]
[Black "Tiitta, Sauli"]
[Result "0-1"]
[WhiteElo "2112"]
[BlackElo "2157"]
[PlyCount "24"]
[GameId "535664348120"]
[EventDate "2025.??.??"]

1. e4 c5 2. Nf3 d6 3. d4 cxd4 4. Nxd4 Nf6 5. Nc3 a6 6. Bc4 e6 7. f4 Nxe4 8. Nxe4 d5 9. Bd3 dxe4 10. Bxe4 Bc5 11. Be3 e5 12. Qh5 Bxd4 0-1

[Event "Shakin SM 2025"]
[Site "Shakkiareena, Helsinki, Finland"]
[Date "2025.06.29"]
[Round "7.3"]
[White "Kukkonen, Martti"]
[Black "Puuska, Heini"]
[Result "0-1"]
[WhiteElo "1653"]
[BlackElo "1945"]
[PlyCount "108"]
[GameId "535664348120"]
[EventDate "2025.??.??"]

1. c4 e6 2. Nc3 d5 3. cxd5 exd5 4. d4 c6 5. Bf4 Bf5 6. Nf3 Qb6 7. Na4 Bb4+ 8. Bd2 Bxd2+ 9. Qxd2 Qc7 10. e3 Nf6 11. Bd3 Bg6 12. Rc1 Nbd7 13. Nc5 Nxc5 14. Rxc5 Bxd3 15. Qxd3 Ne4 16. Rc2 Qa5+ 17. Nd2 Nxd2 18. Qxd2 Qxa2 19. O-O Qa6 20. Rc5 Qb6 21. Rb1 O-O 22. Qc2 Rae8 23. h3 a6 24. Kh2 f5 25. g3 Re6 26. Qc3 Qd8 27. Qd2 Qd7 28. Rc3 Rh6 29. f4 Re6 30. Kg2 Rfe8 31. Kf3 Rh6 32. Qg2 Qe6 33. Kf2 Qe4 34. Qxe4 Rxe4 35. h4 Kf8 36. Ra1 Rd6 37. Rb3 Re7 38. Rb6 Ke8 39. Ra3 Kd8 40. Rab3 Kc8 41. Kf3 g6 42. Rc3 Rde6 43. Kf2 h6 44. Kf3 Kc7 45. Rcb3 Rxe3+ 46. Rxe3 Rxe3+ 47. Kxe3 Kxb6 48. Kd3 h5 49. Kc3 Kb5 50. Kb3 b6 51. Kc3 a5 52. Kb3 a4+ 53. Kc3 c5 54. g4 hxg4 0-1

[Event "Shakin SM 2025"]
[Site "Shakkiareena, Helsinki, Finland"]
[Date "2025.06.29"]
[Round "7.4"]
[White "Piiroinen, Tero"]
[Black "Koivumaki, Marko"]
[Result "0-1"]
[WhiteElo "1892"]
[BlackElo "1744"]
[PlyCount "152"]
[GameId "535664348121"]
[EventDate "2025.??.??"]

1. d4 d6 2. Nf3 Bg4 3. g3 Nf6 4. Bg2 c6 5. O-O Nbd7 6. b3 e5 7. dxe5 Nxe5 8. Bb2 Nxf3+ 9. exf3 Be6 10. Re1 Be7 11. Qe2 O-O 12. Bh3 Bxh3 13. Qxe7 Re8 14. Qxd8 Raxd8 15. Nd2 Nd7 16. Re3 Rxe3 17. fxe3 Be6 18. Rd1 f6 19. Kf2 d5 20. Ba3 Ne5 21. Bb2 Rd7 22. Bd4 b6 23. a4 Bf5 24. Bxe5 fxe5 25. g4 Bg6 26. h4 Rd6 27. c3 h5 28. Rg1 d4 29. exd4 exd4 30. Nc4 Rd5 31. gxh5 Bxh5 32. cxd4 Rxd4 33. Ne5 Rxh4 34. Nxc6 Rf4 35. Rg3 Bf7 36. b4 Be8 37. Ne7+ Kf8 38. Nc8 Rxb4 39. Nxa7 Rxa4 40. Nc8 b5 41. Nd6 Bd7 42. Ke2 Rd4 43. Nb7 b4 44. Nc5 Rd5 45. Nxd7+ Rxd7 46. Rg4 Rb7 47. Kd2 Rb6 48. Kc2 Kf7 49. Kb3 g6 50. f4 Kf6 51. Rg5 Re6 52. Kxb4 Re4+ 53. Kc3 Rxf4 54. Ra5 g5 55. Kd3 Kg6 56. Ke3 Kh5 57. Ra8 Kh4 58. Rh8+ Kg3 59. Rh1 Rf3+ 60. Ke4 g4 61. Rg1+ Kh4 62. Rh1+ Kg5 63. Rh8 Rf1 64. Ke3 g3 65. Rg8+ Kh4 66. Ke2 Rf7 67. Rh8+ Kg4 68. Rh6 g2 69. Rh8 Kg3 70. Rg8+ Kh2 71. Rh8+ Kg1 72. Rh6 Ra7 73. Rb6 Ra2+ 74. Kf3 Ra3+ 75. Ke2 Rh3 76. Rb1+ Kh2 0-1

[Event "Shakin SM 2025"]
[Site "Shakkiareena, Helsinki, Finland"]
[Date "2025.06.29"]
[Round "7.5"]
[White "Karasmaki, Seppo"]
[Black "Oksanen, Timo"]
[Result "0-1"]
[WhiteElo "1785"]
[BlackElo "1861"]
[PlyCount "30"]
[GameId "535664348121"]
[EventDate "2025.??.??"]

{[%evp 0,30,5,7,83,57,62,62,63,51,58,56,53,36,33,14,49,32,62,50,22,10,-12,-10,9,-38,-20,-36,-13,-540,-560,-29997,-29998]} 1. Nf3 d6 2. d4 Nf6 3. Nc3 Nbd7 4. e4 e5 5. Be2 Be7 6. O-O O-O 7. h3 c6 8. Re1 Re8 9. dxe5 dxe5 10. Be3 Qc7 11. Nd2 a5 12. f3 Nh5 13. a4 Bh4 14. Bf2 Bxf2+ 15. Kxf2 Qb6+ 0-1